Surrealism

Αποθηκεύτηκε σε:
Λεπτομέρειες βιβλιογραφικής εγγραφής
Κύριος συγγραφέας: Klingsohr-Leroy, Cathrin
Άλλοι συγγραφείς: Grosenick, Uta (Επιμελητής έκδοσης)
Μορφή: Βιβλίο
Γλώσσα:English
Greek
Δημοσίευση: Köln : Taschen, c2004.
Σειρά:Basic art series
Θέματα:
Ετικέτες: Προσθήκη ετικέτας
Δεν υπάρχουν, Καταχωρήστε ετικέτα πρώτοι!

MARC

LEADER 00000cam a2200000 i 4500
001 1/87565
008 080603s2004 gw | ||| |||| ||eng||
020 |a 3822822159 
035 |l 10097904 
040 |a GR-MyUa  |b gre  |e AACR2 
041 1 |a eng  |h gre 
082 7 |a 709.04063   |2 (22) 
100 1 |a Klingsohr-Leroy, Cathrin. 
245 1 0 |a Surrealism /   |c Cathrin Klingsohr-Leroy ; Uta Grosenick (ed.). 
260 |a Köln :   |b Taschen,   |c c2004. 
300 |a 95 σ. :   |b εικ. (μερ. έγχρ.) ;   |c 23 εκ. 
490 1 |a (Basic art series) 
504 |a Βιβλιογραφία: σ. [96] 
650 0 |a Surrealism  |z Europe. 
650 0 |a Art, European  |y 20th century. 
700 1 |a Grosenick, Uta,  |e edt 
830 0 |a Basic art series 
852 |a INST  |b SYROS  |e 20080603  |h 709.04063 KLI  |p 005500005872  |q 005500005872  |t BK  |y 0 
901 |a BIBL5-2008-2 
922 |a 5ΕΛΗ  |b 200711  |c ΕΠΕΑΕΚ2/ΤΜΣΠΣ  |d Παπασωτηρίου 
970 |a Κοντού  |b Παρασκευή  |z 03/06/2008